Historie centrálních bank Švédska a Rakouska
Významná úloha centrálnych bánk - zodpovednosť za menovú politiku krajiny, zastupovanie v medzinárodných inštitúciách, dohľad nad činnosťou obchodných bánk a riadenie tuzemského platobného styku. História švédskej a rakúskej centrálnej banky.
Guardado en:
| Autor principal: | |
|---|---|
| Formato: | Capítulo de libro |
| Lenguaje: | checo |
| Materias: | |
| Etiquetas: |
Sin Etiquetas, Sea el primero en etiquetar este registro!
|
MARC
| LEADER | 00000naa a2200000 4500 | ||
|---|---|---|---|
| 001 | 0213881 | ||
| 005 | 20221104110431.5 | ||
| 041 | 0 | |a cze | |
| 044 | |a CZ | ||
| 245 | 1 | 0 | |a Historie centrálních bank Švédska a Rakouska |c Zbyněk Kalabis |
| 520 | |a Významná úloha centrálnych bánk - zodpovednosť za menovú politiku krajiny, zastupovanie v medzinárodných inštitúciách, dohľad nad činnosťou obchodných bánk a riadenie tuzemského platobného styku. História švédskej a rakúskej centrálnej banky. | ||
| 610 | 2 | 0 | |a história |
| 610 | 2 | 0 | |a banky centrálne |
| 610 | 2 | 0 | |a politika menová |
| 610 | 2 | 0 | |a emisia |
| 610 | 2 | 0 | |a rezervy bankové |
| 610 | 2 | 0 | |a politika devízová |
| 610 | 2 | 0 | |a bankovníctvo |
| 610 | 2 | 0 | |a Rakúsko |
| 610 | 2 | 0 | |a Švédsko |
| 100 | 1 | |a Kalabis, Zbyněk | |